[Event "1. Bundesliga 2016/2017"]
[Site "Jenbach"]
[Date "2017.04.20"]
[Round "9"]
[Board "1"]
[White "Nisipeanu, Liviu-Dieter"]
[Black "Bosiocic, Marin"]
[Result "1-0"]
[WhiteElo "2684"]
[BlackElo "2610"]
[PlyCount "93"]
[EventDate "2016.10.20"]
[EventType "team"]
[EventRounds "11"]
[EventCountry "AUT"]
[WhiteTeam "Schachklub Sparkasse Jenbach"]
[BlackTeam "SV Pillenkoenig St. Veit"]

1.e4 e5 2.Nf3 Nc6 3.Bc4 Bc5 4.c3 Nf6 5.d3 O-O 6.Bg5 h6 7.Bh4 Be7 8.Nbd2 d6 9.Bg3 Be6
10.O-O a5 11.Bb5 Nh5 12.d4 Nxg3 13.hxg3 Na7 14.Bc4 Bg4 15.Be2 Nc6 16.dxe5 dxe5 17.Qb3
Qc8 18.Nc4 a4 19.Qc2 Bxf3 20.Bxf3 g6 21.Rad1 h5 22.Be2 Kg7 23.Rd5 Rd8 24.Rfd1 Qe6
25.Rxd8 Nxd8 26.Rd5 Nc6 27.Qd1 Qf6 28.Bd3 a3 29.b4 h4 30.gxh4 Qxh4 31.g3 Qh6 32.Bf1
Bf6 33.b5 Nd8 34.Nxe5 Bxe5 35.Rxe5 Ne6 36.Rd5 c6 37.Rd7 Rh8 38.Bg2 cxb5 39.f4 b6 40.Qd5
Qh2+ 41.Kf2 Rh3 42.Qe5+ Kg8 43.f5 gxf5 44.exf5 Nf8 45.Rd4 Rh5 46.Rg4+ Ng6 47.Qf6 1-0

[Event "1. Bundesliga 2016/2017"]
[Site "Jenbach"]
[Date "2017.04.20"]
[Round "9"]
[Board "2"]
[White "Brkic, Ante"]
[Black "Volokitin, Andrei"]
[Result "1/2-1/2"]
[WhiteElo "2552"]
[BlackElo "2652"]
[PlyCount "63"]
[EventDate "2016.10.20"]
[EventType "team"]
[EventRounds "11"]
[EventCountry "AUT"]
[WhiteTeam "SV Pillenkoenig St. Veit"]
[BlackTeam "Schachklub Sparkasse Jenbach"]

1.e4 c5 2.Nf3 d6 3.d4 cxd4 4.Nxd4 Nf6 5.Nc3 a6 6.Be3 e5 7.Nb3 Be6 8.f3 h5 9.Qd2 Nbd7
10.Nd5 Bxd5 11.exd5 g6 12.O-O-O Bg7 13.Kb1 O-O 14.h3 Qc7 15.g4 Rfe8 16.g5 Nh7 17.Qf2
b6 18.Nd2 Nc5 19.Ne4 Nf8 20.Bxc5 bxc5 21.Bc4 Nd7 22.Qe2 Reb8 23.c3 Nb6 24.Rd2 a5 25.a3
a4 26.Ka2 Ra5 27.h4 Bf8 28.Rf1 Kh8 29.Qd3 Bg7 30.Rdf2 Nd7 31.Ka1 Rb6 32.Ka2 1/2-1/2

[Event "1. Bundesliga 2016/2017"]
[Site "Jenbach"]
[Date "2017.04.20"]
[Round "9"]
[Board "3"]
[White "Shengelia, David"]
[Black "Antoniewski, Rafal"]
[Result "1/2-1/2"]
[WhiteElo "2570"]
[BlackElo "2535"]
[PlyCount "109"]
[EventDate "2016.10.20"]
[EventType "team"]
[EventRounds "11"]
[EventCountry "AUT"]
[WhiteTeam "Schachklub Sparkasse Jenbach"]
[BlackTeam "SV Pillenkoenig St. Veit"]

1.d4 e6 2.c4 f5 3.g3 Nf6 4.Bg2 c6 5.Nd2 d5 6.Nh3 Bd6 7.Qc2 O-O 8.Nf3 b6 9.O-O a5 10.Bf4
Ne4 11.Bxd6 Qxd6 12.Ne5 Bb7 13.f3 Nf6 14.cxd5 cxd5 15.Rac1 Nc6 16.Nxc6 Rfc8 17.Qd2
Bxc6 18.Nf4 Bd7 19.Qe3 Rxc1 20.Rxc1 Rc8 21.Rxc8+ Bxc8 22.Qc3 Bb7 23.Bf1 h6 24.e3 g5
25.Nd3 Kg7 26.a3 Qc6 27.Qd2 Qd6 28.b4 axb4 29.Nxb4 Qc7 30.Bb5 Bc8 31.Qc2 Qxc2 32.Nxc2
Bd7 33.Bxd7 Nxd7 34.Kf2 Kf6 35.Nb4 Ke7 36.Ke2 Kd6 37.Nd3 Kc6 38.a4 b5 39.a5 b4 40.a6
b3 41.Kd2 Kb6 42.Nb4 Nb8 43.Kc3 Nxa6 44.Nd3 Kc6 45.Kxb3 Kd6 46.Ne5 Ke7 47.g4 fxg4
48.Nxg4 h5 49.Ne5 Nc7 50.Kb4 Ne8 51.Kc5 Nd6 52.Ng6+ Kd7 53.Nf8+ Ke7 54.Ng6+ Kd7 55.Nf8+ 1/2-1/2

[Event "1. Bundesliga 2016/2017"]
[Site "Jenbach"]
[Date "2017.04.20"]
[Round "9"]
[Board "4"]
[White "Koop, Thorben"]
[Black "Boensch, Uwe"]
[Result "0-1"]
[WhiteElo "2398"]
[BlackElo "2558"]
[PlyCount "62"]
[EventDate "2016.10.20"]
[EventType "team"]
[EventRounds "11"]
[EventCountry "AUT"]
[WhiteTeam "SV Pillenkoenig St. Veit"]
[BlackTeam "Schachklub Sparkasse Jenbach"]

1.d4 Nf6 2.c4 e6 3.g3 Bb4+ 4.Bd2 c5 5.Bxb4 cxb4 6.Bg2 O-O 7.e3 d6 8.Ne2 Qc7 9.Nd2
a5 10.Rc1 Na6 11.O-O Bd7 12.Nf4 Rac8 13.Ne4 Nxe4 14.Bxe4 Rce8 15.Qf3 Bc8 16.Rfd1 b6
17.g4 Qe7 18.Qg3 Bb7 19.Qg2 Bxe4 20.Qxe4 Nb8 21.a3 bxa3 22.bxa3 Nd7 23.Rb1 Rc8 24.Rdc1
Qg5 25.h3 Rc7 26.a4 Rfc8 27.Rb5 d5 28.Nxd5 exd5 29.Rxd5 Nf6 30.Rxg5 Nxe4 31.Re5 Nd2 0-1

[Event "1. Bundesliga 2016/2017"]
[Site "Jenbach"]
[Date "2017.04.20"]
[Round "9"]
[Board "5"]
[White "Schlosser, Philipp"]
[Black "Hebesberger, Thomas"]
[Result "1-0"]
[WhiteElo "2523"]
[BlackElo "2292"]
[PlyCount "89"]
[EventDate "2016.10.20"]
[EventType "team"]
[EventRounds "11"]
[EventCountry "AUT"]
[WhiteTeam "Schachklub Sparkasse Jenbach"]
[BlackTeam "SV Pillenkoenig St. Veit"]

1.c4 c5 2.Nf3 Nc6 3.d4 cxd4 4.Nxd4 Nf6 5.Nc3 e6 6.g3 Be7 7.Bg2 O-O 8.O-O a6 9.Bf4
Nxd4 10.Qxd4 d6 11.Qd3 Qc7 12.Rfd1 Rd8 13.Rac1 Nh5 14.Be3 Nf6 15.Na4 Nd7 16.Qb3 Rb8
17.Ba7 Ra8 18.Bd4 Rb8 19.Nb6 Nc5 20.Qb4 Bd7 21.Nxd7 Nxd7 22.b3 b6 23.Qd2 h6 24.b4
Bg5 25.f4 Be7 26.Kh1 Nf6 27.a3 a5 28.Qe3 Qa7 29.Qb3 Qa6 30.Bc6 Qc8 31.Bf3 Qa6 32.Qa4
Rbc8 33.Bc6 e5 34.Bg1 exf4 35.gxf4 d5 36.b5 Qa7 37.cxd5 Bd6 38.Rc3 Rc7 39.Qd4 Bc5
40.Qd3 Bxg1 41.Rxg1 Re7 42.Rc4 Qc7 43.Qf3 Rde8 44.Rd4 Qd6 45.Bxe8 1-0

[Event "1. Bundesliga 2016/2017"]
[Site "Jenbach"]
[Date "2017.04.20"]
[Round "9"]
[Board "1"]
[White "Repka, Christopher"]
[Black "Zilka, Stepan"]
[Result "0-1"]
[WhiteElo "2461"]
[BlackElo "2523"]
[PlyCount "116"]
[EventDate "2016.10.20"]
[EventType "team"]
[EventRounds "11"]
[EventCountry "AUT"]
[WhiteTeam "Bregenz"]
[BlackTeam "Blackburne Nickelsdorf"]

1.d4 d5 2.Nf3 Nf6 3.c4 c6 4.Nc3 e6 5.Bg5 h6 6.Bxf6 Qxf6 7.e3 g6 8.Bd3 Bg7 9.O-O O-O
10.Ne5 Nd7 11.f4 dxc4 12.Bxc4 Qe7 13.Ne4 Nf6 14.Nc5 b6 15.Ncd3 Bb7 16.Rc1 Ne4 17.Qg4
Nd2 18.Rfd1 Nxc4 19.Rxc4 Rac8 20.b4 h5 21.Qg3 Ba6 22.Rc3 Bxe5 23.Nxe5 Qxb4 24.Rdc1
Kg7 25.Nxc6 Qa4 26.Qf2 Rc7 27.Qb2 Qb5 28.Qa1 Bb7 29.e4 Rxc6 30.Rxc6 Bxc6 31.Rxc6 Kg8
32.Rc3 Qe2 33.Qb1 Rd8 34.d5 exd5 35.e5 d4 36.Rd3 Rc8 37.Qf1 Qe4 38.f5 Qxf5 39.Qxf5
gxf5 40.Rxd4 Rc1+ 41.Kf2 Rc2+ 42.Kf3 Rxa2 43.g3 a5 44.Rd8+ Kg7 45.Rd7 Kf8 46.Rb7 Rxh2
47.Kf4 h4 48.gxh4 Rxh4+ 49.Kg5 Rg4+ 50.Kxf5 Rg6 51.Rb8+ Kg7 52.Rb7 a4 53.Kf4 b5 54.Rxb5
Ra6 55.Rb7 a3 56.e6 a2 57.e7 a1=Q 58.e8=Q Qf1+ 0-1

[Event "1. Bundesliga 2016/2017"]
[Site "Jenbach"]
[Date "2017.04.20"]
[Round "9"]
[Board "2"]
[White "Schwarhofer, Christopher"]
[Black "Henrichs, Thomas"]
[Result "1-0"]
[WhiteElo "2385"]
[BlackElo "2505"]
[PlyCount "81"]
[EventDate "2016.10.20"]
[EventType "team"]
[EventRounds "11"]
[EventCountry "AUT"]
[WhiteTeam "Blackburne Nickelsdorf"]
[BlackTeam "Bregenz"]

1.e4 c5 2.Nf3 d6 3.d4 cxd4 4.Nxd4 Nf6 5.Nc3 a6 6.Bg5 Nbd7 7.Qe2 h6 8.Bh4 g6 9.O-O-O
e5 10.Nb3 Be7 11.f3 b5 12.Kb1 Qc7 13.g4 b4 14.Bxf6 Nxf6 15.Nd5 Nxd5 16.exd5 h5 17.h3
a5 18.Qc4 Qxc4 19.Bxc4 Bd7 20.Be2 Kf8 21.Nd2 Kg7 22.Nc4 Bb5 23.Bd3 Bxc4 24.Bxc4 Rac8
25.Bd3 Bh4 26.Rdg1 Rc5 27.Be4 Kh6 28.Rg2 Kg5 29.Rhg1 Kf4 30.g5 Ke3 31.Kc1 Rc4 32.Bd3
Rd4 33.Re2+ Kf4 34.Kd2 Bxg5 35.Reg2 Bh6 36.Ke2 Rxd3 37.Kxd3 Rc8 38.c4 Kxf3 39.Re2
Bf4 40.Ree1 e4+ 41.Rxe4 1-0

[Event "1. Bundesliga 2016/2017"]
[Site "Jenbach"]
[Date "2017.04.20"]
[Round "9"]
[Board "3"]
[White "Nayhebaver, Martin"]
[Black "Lendwai, Reinhard"]
[Result "1-0"]
[WhiteElo "2442"]
[BlackElo "2370"]
[PlyCount "79"]
[EventDate "2016.10.20"]
[EventType "team"]
[EventRounds "11"]
[EventCountry "AUT"]
[WhiteTeam "Bregenz"]
[BlackTeam "Blackburne Nickelsdorf"]

1.e4 c6 2.Nc3 d5 3.Nf3 Bg4 4.d4 Nf6 5.h3 Bxf3 6.Qxf3 dxe4 7.Qe3 e6 8.Nxe4 Nxe4 9.Qxe4
Nd7 10.Bd2 Nf6 11.Qd3 Qd5 12.c4 Qe4+ 13.Qxe4 Nxe4 14.Be3 Bb4+ 15.Kd1 O-O-O 16.Bd3
Nc5 17.Bc2 Nd7 18.Ke2 Nf6 19.g4 h6 20.f4 g6 21.Kf3 Rhe8 22.a3 Bf8 23.Rhd1 Re7 24.Rac1
Red7 25.Rd2 Kb8 26.Rcd1 Rc8 27.Ba4 Rdd8 28.Bf2 Be7 29.b4 a6 30.Re2 b5 31.Bb3 bxc4
32.Bxc4 Kb7 33.f5 gxf5 34.gxf5 Nd5 35.Rg1 Rf8 36.Rg7 Rc7 37.Bg3 Rd7 38.fxe6 fxe6+
39.Kg2 Nc7 40.Bxe6 1-0

[Event "1. Bundesliga 2016/2017"]
[Site "Jenbach"]
[Date "2017.04.20"]
[Round "9"]
[Board "4"]
[White "Pinter, Erik"]
[Black "Weindl, Alfred"]
[Result "1-0"]
[WhiteElo "2382"]
[BlackElo "2328"]
[PlyCount "143"]
[EventDate "2016.10.20"]
[EventType "team"]
[EventRounds "11"]
[EventCountry "AUT"]
[WhiteTeam "Blackburne Nickelsdorf"]
[BlackTeam "Bregenz"]

1.e4 c5 2.Nf3 Nc6 3.Bb5 g6 4.O-O Bg7 5.Re1 Nf6 6.e5 Nd5 7.Nc3 Nc7 8.Bxc6 dxc6 9.Ne4
Ne6 10.h3 O-O 11.d3 b6 12.a4 a5 13.b3 Ra7 14.Ned2 Nd4 15.Nc4 Be6 16.Bf4 h6 17.Nxd4
cxd4 18.Qd2 Kh7 19.b4 Bxc4 20.dxc4 axb4 21.Qxb4 c5 22.Qb3 Qc7 23.Bg3 Qc6 24.Ra3 Rfa8
25.Rea1 Ra6 26.Qb5 Qxb5 27.cxb5 R6a7 28.f4 e6 29.Be1 g5 30.g3 Kg6 31.Kg2 gxf4 32.gxf4
Kf5 33.Kf3 f6 34.exf6 Bxf6 35.a5 bxa5 36.b6 Rb7 37.Rxa5 Rc8 38.Rb1 Rc6 39.Rab5 e5
40.fxe5 Bxe5 41.Ba5 Bf6 42.Rg1 Bd8 43.Re1 Bf6 44.Re8 Be5 45.Rf8+ Bf6 46.Ra8 Be5 47.Re8
Rb8 48.Rxb8 Bxb8 49.Bb4 Ke6 50.Bxc5 Kd5 51.Ba3+ Kc4 52.Rb3 Kd5 53.Rb5+ Kc4 54.Rb2
Kd5 55.Be7 Re6 56.Bd8 Re3+ 57.Kg4 Rc3 58.h4 Ke4 59.b7 Rc5 60.Bb6 h5+ 61.Kh3 Rc3+ 62.Kg2
Rg3+ 63.Kf1 Rh3 64.Rb4 Rh1+ 65.Kg2 Rd1 66.c3 Rd2+ 67.Kh1 Rd1+ 68.Kg2 Rd2+ 69.Kf1 Kf3
70.Rxd4 Rb2 71.Rd3+ Kg4 72.Rd8 1-0

[Event "1. Bundesliga 2016/2017"]
[Site "Jenbach"]
[Date "2017.04.20"]
[Round "9"]
[Board "5"]
[White "Dobosz, Henryk"]
[Black "Koffler, Daniel"]
[Result "1-0"]
[WhiteElo "2379"]
[BlackElo "2126"]
[PlyCount "55"]
[EventDate "2016.10.20"]
[EventType "team"]
[EventRounds "11"]
[EventCountry "AUT"]
[WhiteTeam "Bregenz"]
[BlackTeam "Blackburne Nickelsdorf"]

1.d4 d5 2.c4 c6 3.Nc3 Nf6 4.e3 Bf5 5.cxd5 cxd5 6.Qb3 Nc6 7.Qxb7 Bd7 8.Qb3 Rb8 9.Qd1
e5 10.Nf3 Bb4 11.dxe5 Ne4 12.Bd2 Bg4 13.Be2 O-O 14.O-O Re8 15.Rc1 Rb6 16.Be1 Nxc3
17.Bxc3 Bxc3 18.Rxc3 Nxe5 19.Nxe5 Bxe2 20.Qxe2 Rxe5 21.Rfc1 Re8 22.Qd2 h5 23.Rc5 Qg5
24.b3 Rg6 25.Qxd5 Re5 26.Qa8+ Kh7 27.Rc8 Ra6 28.f4 1-0

[Event "1. Bundesliga 2016/2017"]
[Site "Jenbach"]
[Date "2017.04.20"]
[Round "9"]
[Board "6"]
[White "Kuntner, Reinhard"]
[Black "Repkova, Eva"]
[Result "0-1"]
[WhiteElo "2023"]
[BlackElo "2329"]
[PlyCount "48"]
[EventDate "2016.10.20"]
[EventType "team"]
[EventRounds "11"]
[EventCountry "AUT"]
[WhiteTeam "Blackburne Nickelsdorf"]
[BlackTeam "Bregenz"]

1.c4 e6 2.Nf3 Nf6 3.g3 b6 4.Bg2 Bb7 5.O-O Be7 6.Nc3 d6 7.d4 Ne4 8.Qc2 Nxc3 9.Qxc3
Nd7 10.Rd1 Nf6 11.Bf4 O-O 12.Rac1 Qc8 13.b4 a5 14.b5 Be4 15.Bh3 Nh5 16.Nd2 Bb7 17.e4
f5 18.d5 g5 19.exf5 gxf4 20.fxe6 Qe8 21.Bf1 Bf6 22.Qc2 fxg3 23.hxg3 Nxg3 24.fxg3 Bd4+ 0-1

[Event "1. Bundesliga 2016/2017"]
[Site "Jenbach"]
[Date "2017.04.20"]
[Round "9"]
[Board "1"]
[White "Flumbort, Andras"]
[Black "Melkumyan, Hrant"]
[Result "1/2-1/2"]
[WhiteElo "2451"]
[BlackElo "2619"]
[PlyCount "101"]
[EventDate "2016.10.20"]
[EventType "team"]
[EventRounds "11"]
[EventCountry "AUT"]
[WhiteTeam "ASK St. Valentin"]
[BlackTeam "ASVOE Wulkaprodersdorf"]

1.d4 Nf6 2.c4 g6 3.Nc3 d5 4.Nf3 Bg7 5.cxd5 Nxd5 6.e4 Nxc3 7.bxc3 c5 8.Rb1 O-O 9.Be2
b6 10.O-O Qc7 11.Bg5 Bb7 12.Qd3 e6 13.d5 exd5 14.exd5 Qd6 15.c4 Nd7 16.Rfe1 Rfe8 17.Bf1
Ne5 18.Nxe5 Bxe5 19.g3 Bc8 20.Bf4 Bf5 21.Bxe5 Rxe5 22.Qc3 Rae8 23.Rxe5 Qxe5 24.Qxe5
Rxe5 25.Ra1 g5 26.h3 Kf8 27.a4 a5 28.Kg2 Ke7 29.g4 Bg6 30.Kg3 Kd6 31.h4 h6 32.h5 Bh7
33.Ra3 f6 34.Rb3 Kc7 35.d6+ Kd7 36.Rxb6 Bc2 37.Ra6 Bxa4 38.Rxa5 Bc6 39.Ra6 Re1 40.Bg2
Bxg2 41.Kxg2 Re4 42.Kg3 Rxc4 43.Ra7+ Kxd6 44.Rh7 Rc1 45.Rxh6 Rg1+ 46.Kf3 Ke6 47.Rh8
f5 48.gxf5+ Kxf5 49.h6 Kg6 50.Rc8 Kxh6 51.Rxc5 1/2-1/2

[Event "1. Bundesliga 2016/2017"]
[Site "Jenbach"]
[Date "2017.04.20"]
[Round "9"]
[Board "2"]
[White "Schneider, Ilja"]
[Black "Hajnal, Zoltan"]
[Result "1-0"]
[WhiteElo "2516"]
[BlackElo "2382"]
[PlyCount "103"]
[EventDate "2016.10.20"]
[EventType "team"]
[EventRounds "11"]
[EventCountry "AUT"]
[WhiteTeam "ASVOE Wulkaprodersdorf"]
[BlackTeam "ASK St. Valentin"]

1.d4 d5 2.c4 c6 3.Nf3 Nf6 4.e3 Bf5 5.Nc3 e6 6.Nh4 Be4 7.f3 Bg6 8.Qb3 Qc7 9.Bd2 Be7
10.g3 Bh5 11.Be2 dxc4 12.Qxc4 Nbd7 13.e4 h6 14.Ng2 e5 15.Be3 exd4 16.Qxd4 Nc5 17.Nf4
O-O 18.e5 Rfd8 19.exf6 Rxd4 20.Bxd4 Bd6 21.Nxh5 Ne6 22.Be3 g6 23.Ng7 Nxg7 24.fxg7
Re8 25.Bd4 Bb4 26.Kf2 Qd6 27.Rhd1 Bc5 28.Bxc5 Qxc5+ 29.Kf1 Kxg7 30.Rd7 b5 31.Rad1
a5 32.a3 Re3 33.R1d3 b4 34.axb4 axb4 35.Rxe3 Qxe3 36.Nd1 Qe6 37.Rb7 c5 38.Kf2 Qh3
39.Ne3 Qxh2+ 40.Ng2 Qh1 41.Bc4 Qc1 42.Rxf7+ Kh8 43.b3 Qc2+ 44.Kg1 g5 45.Re7 Qd1+ 46.Kf2
Qd4+ 47.Ne3 Qb2+ 48.Kg1 Qf6 49.Re8+ Kg7 50.g4 h5 51.Nf5+ Kh7 52.Re6 1-0

[Event "1. Bundesliga 2016/2017"]
[Site "Jenbach"]
[Date "2017.04.20"]
[Round "9"]
[Board "3"]
[White "Sandhoefner, Florian"]
[Black "Maksimenko, Andrei"]
[Result "1/2-1/2"]
[WhiteElo "2257"]
[BlackElo "2481"]
[PlyCount "74"]
[EventDate "2016.10.20"]
[EventType "team"]
[EventRounds "11"]
[EventCountry "AUT"]
[WhiteTeam "ASK St. Valentin"]
[BlackTeam "ASVOE Wulkaprodersdorf"]

1.d4 Nf6 2.c4 e6 3.Nc3 Bb4 4.Qc2 c5 5.dxc5 Qc7 6.Nf3 a6 7.a3 Bxc5 8.Bg5 Be7 9.e4 d6
10.Be2 Nbd7 11.O-O b6 12.Rac1 Bb7 13.b4 O-O 14.Nd2 Rac8 15.Qd3 Ne5 16.Qh3 Rfe8 17.Be3
Nfd7 18.f4 Ng6 19.Rc2 Bf6 20.Rfc1 d5 21.exd5 Nxf4 22.Bxf4 Qxf4 23.Nce4 exd5 24.Rf1
Qc7 25.Bg4 dxe4 26.Bxd7 e3 27.Bxe8 Rxe8 28.Nb3 Qd8 29.Nc1 Be4 30.Re2 Bc3 31.Nb3 Bd3
32.Rxe3 Bxf1 33.Rxe8+ Qxe8 34.Qxc3 Qe2 35.Qd2 h6 36.Qxe2 Bxe2 37.c5 bxc5 1/2-1/2

[Event "1. Bundesliga 2016/2017"]
[Site "Jenbach"]
[Date "2017.04.20"]
[Round "9"]
[Board "4"]
[White "Volkmann, Friedrich Karl"]
[Black "Theuretzbacher, Klaus"]
[Result "1/2-1/2"]
[WhiteElo "2403"]
[BlackElo "2248"]
[PlyCount "66"]
[EventDate "2016.10.20"]
[EventType "team"]
[EventRounds "11"]
[EventCountry "AUT"]
[WhiteTeam "ASVOE Wulkaprodersdorf"]
[BlackTeam "ASK St. Valentin"]

1.d4 Nf6 2.c4 c5 3.d5 b5 4.Qc2 bxc4 5.e4 d6 6.Nf3 g6 7.Bxc4 Bg7 8.O-O O-O 9.Nc3 Nbd7
10.Re1 Rb8 11.h3 Qb6 12.a4 a6 13.b3 Qc7 14.Bf4 Nh5 15.Bh2 Qa5 16.e5 dxe5 17.Nxe5 Nxe5
18.Bxe5 Rb7 19.Rad1 Nf6 20.Re3 Rd7 21.Qb2 Rfd8 22.Ne4 Ne8 23.Rde1 Bb7 24.d6 Bxe4 25.Rxe4
Bxe5 26.Rxe5 Nxd6 27.Qc2 e6 28.Bf1 Nb7 29.h4 Rd5 30.h5 Qc7 31.Rxd5 Rxd5 32.hxg6 hxg6
33.Bxa6 Rh5 1/2-1/2

[Event "1. Bundesliga 2016/2017"]
[Site "Jenbach"]
[Date "2017.04.20"]
[Round "9"]
[Board "5"]
[White "Heimberger, Reinhard"]
[Black "Wallner, Joachim"]
[Result "0-1"]
[WhiteElo "2282"]
[BlackElo "2313"]
[PlyCount "80"]
[EventDate "2016.10.20"]
[EventType "team"]
[EventRounds "11"]
[EventCountry "AUT"]
[WhiteTeam "ASK St. Valentin"]
[BlackTeam "ASVOE Wulkaprodersdorf"]

1.d4 d5 2.Nf3 Nf6 3.g3 c6 4.Bg2 Bf5 5.O-O e6 6.b3 Bd6 7.Bb2 h6 8.c4 O-O 9.Nc3 Nbd7
10.Nd2 Qe7 11.e4 dxe4 12.Ndxe4 Nxe4 13.Nxe4 Ba3 14.Bc3 Bxe4 15.Bxe4 Nf6 16.Bg2 Bb4
17.Qd2 a5 18.a3 Bxc3 19.Qxc3 Rfd8 20.Bf3 Rd7 21.Rfd1 Qd8 22.b4 Qb6 23.Rab1 axb4 24.Rxb4
Qa7 25.a4 Rad8 26.Qb3 e5 27.d5 e4 28.Bg2 Ng4 29.Rb6 f5 30.Rb1 cxd5 31.cxd5 Rxd5 32.h3
Ne5 33.g4 Kh8 34.gxf5 Rd3 35.Qe6 Rd1+ 36.Rxd1 Rxd1+ 37.Kh2 Qb8 38.Bxe4 Ng4+ 39.Kg2
Qh2+ 40.Kf3 Qxf2+ 0-1

[Event "1. Bundesliga 2016/2017"]
[Site "Jenbach"]
[Date "2017.04.20"]
[Round "9"]
[Board "6"]
[White "Mesaros, Florian"]
[Black "Kranzl, Peter"]
[Result "1-0"]
[WhiteElo "2335"]
[BlackElo "2187"]
[PlyCount "57"]
[EventDate "2016.10.20"]
[EventType "team"]
[EventRounds "11"]
[EventCountry "AUT"]
[WhiteTeam "ASVOE Wulkaprodersdorf"]
[BlackTeam "ASK St. Valentin"]

1.Nf3 Nf6 2.c4 g6 3.Nc3 Bg7 4.e4 d6 5.d4 O-O 6.Be2 e5 7.O-O exd4 8.Nxd4 Re8 9.f3 Nc6
10.Be3 Nh5 11.Qd2 f5 12.Nc2 Be6 13.Rae1 Qd7 14.Nd5 Rf8 15.exf5 Bxf5 16.Nd4 Nxd4 17.Bxd4
c6 18.Bxg7 Nxg7 19.Nc3 Rad8 20.f4 Qc7 21.Bf3 Qb6+ 22.Kh1 Qc5 23.b3 Rfe8 24.g4 Rxe1
25.Rxe1 Bc8 26.Ne4 Qa3 27.Nf6+ Kh8 28.f5 Rf8 29.Qh6 1-0

[Event "1. Bundesliga 2016/2017"]
[Site "Jenbach"]
[Date "2017.04.20"]
[Round "9"]
[Board "1"]
[White "Banusz, Tamas"]
[Black "Bayer, Bernhard"]
[Result "1-0"]
[WhiteElo "2613"]
[BlackElo "2431"]
[PlyCount "49"]
[EventDate "2016.10.20"]
[EventType "team"]
[EventRounds "11"]
[EventCountry "AUT"]
[WhiteTeam "mpimmo Wien - SK Ottakring"]
[BlackTeam "Schachklub Absam"]

1.Nf3 d5 2.g3 c6 3.Bg2 Nf6 4.O-O h6 5.c4 dxc4 6.Qc2 Be6 7.Na3 b5 8.b3 cxb3 9.axb3
Bd5 10.d3 g5 11.e4 Be6 12.Bb2 Bg7 13.Nd4 Qd7 14.Nxe6 fxe6 15.d4 O-O 16.e5 Nd5 17.Qg6
Na6 18.Nxb5 Rfb8 19.Rxa6 Rxb5 20.Be4 Rxb3 21.Ba1 Nc3 22.Bc2 Ne2+ 23.Kg2 Rb4 24.Ra3
Rxd4 25.Rf3 1-0

[Event "1. Bundesliga 2016/2017"]
[Site "Jenbach"]
[Date "2017.04.20"]
[Round "9"]
[Board "2"]
[White "Dizdar, Goran"]
[Black "Papp, Gabor"]
[Result "0-1"]
[WhiteElo "2504"]
[BlackElo "2581"]
[PlyCount "124"]
[EventDate "2016.10.20"]
[EventType "team"]
[EventRounds "11"]
[EventCountry "AUT"]
[WhiteTeam "Schachklub Absam"]
[BlackTeam "mpimmo Wien - SK Ottakring"]

1.Nf3 c5 2.c4 g6 3.g3 Bg7 4.Bg2 Nc6 5.Nc3 e5 6.a3 Nge7 7.O-O O-O 8.d3 d6 9.Bd2 h6
10.Rb1 a5 11.Ne1 Be6 12.Nc2 d5 13.cxd5 Nxd5 14.b4 cxb4 15.Nxd5 Bxd5 16.axb4 Bxg2 17.Kxg2
a4 18.b5 Nd4 19.Bb4 Re8 20.Ba3 e4 21.dxe4 Rxe4 22.e3 Nxc2 23.Qxc2 Qd5 24.Kg1 Rc4 25.Rfd1
Rxc2 26.Rxd5 Ra2 27.Rd3 Rc8 28.Rb4 Rcc2 29.Rf4 f5 30.e4 Rc3 31.Rxc3 Bxc3 32.Bc5 Be5
33.Rf3 Rc2 34.Ba3 fxe4 35.Rf8+ Kg7 36.Ra8 Bd4 37.Rxa4 Bxf2+ 38.Kf1 Bc5 39.Bxc5 Rxc5
40.b6 Rb5 41.Rxe4 Rxb6 42.Kf2 Kf7 43.Rc4 Rc6 44.Rb4 b6 45.Ke3 Ke7 46.Kd4 Kd6 47.h4
h5 48.Rb5 Kc7 49.Rg5 Kb7 50.g4 hxg4 51.Rxg4 b5 52.Kd3 Kb6 53.Rg1 b4 54.Rg5 b3 55.Kd2
b2 56.Rg1 Kc7 57.Rb1 Rb6 58.Kc3 Kd6 59.Kc2 Ke5 60.Re1+ Kf5 61.Kb1 Rb4 62.Rf1+ Kg4 0-1

[Event "1. Bundesliga 2016/2017"]
[Site "Jenbach"]
[Date "2017.04.20"]
[Round "9"]
[Board "3"]
[White "Dragnev, Valentin"]
[Black "Rotstein, Arkadij"]
[Result "1-0"]
[WhiteElo "2515"]
[BlackElo "2501"]
[PlyCount "55"]
[EventDate "2016.10.20"]
[EventType "team"]
[EventRounds "11"]
[EventCountry "AUT"]
[WhiteTeam "mpimmo Wien - SK Ottakring"]
[BlackTeam "Schachklub Absam"]

1.e4 g6 2.d4 Bg7 3.Nf3 c6 4.Be2 d5 5.e5 Bg4 6.Nbd2 c5 7.dxc5 Nc6 8.c4 e6 9.cxd5 exd5
10.O-O Nge7 11.h3 Bxf3 12.Nxf3 O-O 13.Re1 Nxe5 14.Nxe5 Bxe5 15.Ba6 Qc7 16.Bxb7 Rab8
17.c6 Rfe8 18.Qa4 Nf5 19.Bd2 Bd4 20.Qb3 Be5 21.Qxd5 Bxb2 22.Rad1 Bd4 23.Qf3 Be5 24.Rxe5
Qxe5 25.Bf4 Qc5 26.Bxb8 Rxb8 27.Qf4 Re8 28.c7 1-0

[Event "1. Bundesliga 2016/2017"]
[Site "Jenbach"]
[Date "2017.04.20"]
[Round "9"]
[Board "4"]
[White "Deglmann, Ludwig"]
[Black "Gstach, Jakob"]
[Result "0-1"]
[WhiteElo "2296"]
[BlackElo "2299"]
[PlyCount "70"]
[EventDate "2016.10.20"]
[EventType "team"]
[EventRounds "11"]
[EventCountry "AUT"]
[WhiteTeam "Schachklub Absam"]
[BlackTeam "mpimmo Wien - SK Ottakring"]

1.c4 Nf6 2.g3 e6 3.Bg2 d5 4.Nf3 c5 5.O-O Be7 6.b3 O-O 7.e3 Nc6 8.Bb2 d4 9.exd4 cxd4
10.d3 e5 11.Nbd2 Nd7 12.Ne1 Nc5 13.Ne4 Ne6 14.Nc2 f5 15.Nd2 Nc5 16.Nf3 a5 17.Ba3 Bd6
18.Bxc5 Bxc5 19.a3 e4 20.dxe4 fxe4 21.Nd2 e3 22.Bd5+ Kh8 23.Ne4 Ba7 24.fxe3 dxe3 25.Rxf8+
Qxf8 26.Qh5 Bf5 27.Kg2 Ne7 28.Nd6 Bg6 29.Nf7+ Bxf7 30.Bxf7 Rd8 31.Ne1 Rd2+ 32.Kh3
Qc8+ 33.g4 Bb8 34.Nf3 Qc7 35.Rh1 Rxh2+ 0-1

[Event "1. Bundesliga 2016/2017"]
[Site "Jenbach"]
[Date "2017.04.20"]
[Round "9"]
[Board "5"]
[White "Blohberger, Felix"]
[Black "De Francesco, Klaus"]
[Result "1-0"]
[WhiteElo "2272"]
[BlackElo "2235"]
[PlyCount "97"]
[EventDate "2016.10.20"]
[EventType "team"]
[EventRounds "11"]
[EventCountry "AUT"]
[WhiteTeam "mpimmo Wien - SK Ottakring"]
[BlackTeam "Schachklub Absam"]

1.Nf3 Nf6 2.c4 e6 3.g3 d5 4.Bg2 Be7 5.O-O c5 6.d4 cxd4 7.cxd5 Nxd5 8.Nxd4 O-O 9.e4
Nb4 10.Nc3 N8c6 11.Nxc6 Nxc6 12.Be3 Bf6 13.Qe2 Bxc3 14.bxc3 Qa5 15.Rfc1 b6 16.e5 Ba6
17.c4 Rac8 18.f4 Ne7 19.Bf1 Rc7 20.Rc2 Qa4 21.Rac1 Rfc8 22.Bf2 Nd5 23.cxd5 Rxc2 24.Rxc2
Rxc2 25.Qxa6 Qxa6 26.Bxa6 exd5 27.a4 Kf8 28.Kg2 Ke7 29.g4 Ra2 30.Bb5 Ke6 31.h4 h5
32.gxh5 Ra3 33.Be8 Ke7 34.Bc6 Ke6 35.Bg3 d4 36.Bf2 Kf5 37.Bxd4 Kxf4 38.Kf2 Ra2+ 39.Ke1
Rh2 40.e6 fxe6 41.Bxg7 Rxh4 42.h6 e5 43.Be8 e4 44.Bg6 Rh1+ 45.Ke2 Rh2+ 46.Kd1 Rh1+
47.Kc2 Rh2+ 48.Kc3 e3 49.h7 1-0

[Event "1. Bundesliga 2016/2017"]
[Site "Jenbach"]
[Date "2017.04.20"]
[Round "9"]
[Board "6"]
[White "Gerhold, Michael"]
[Black "Steiner, Adam"]
[Result "1/2-1/2"]
[WhiteElo "2236"]
[BlackElo "2220"]
[PlyCount "79"]
[EventDate "2016.10.20"]
[EventType "team"]
[EventRounds "11"]
[EventCountry "AUT"]
[WhiteTeam "Schachklub Absam"]
[BlackTeam "mpimmo Wien - SK Ottakring"]

1.Nf3 d5 2.d4 Nf6 3.c4 c6 4.e3 Bf5 5.Nc3 e6 6.Bd3 Bxd3 7.Qxd3 Nbd7 8.O-O Be7 9.e4
dxe4 10.Nxe4 c5 11.Bf4 O-O 12.Rad1 Qb6 13.d5 exd5 14.cxd5 Nxe4 15.Qxe4 Bd6 16.Bxd6
Qxd6 17.Rfe1 Nf6 18.Qe7 Qb6 19.d6 Rad8 20.d7 Qxb2 21.Ne5 Qxa2 22.Qxc5 Qa4 23.Rd4 Qa2
24.h3 Qe6 25.Re3 b6 26.Qb5 Qa2 27.Red3 Qa1+ 28.Rd1 Qc3 29.Nc6 Rxd7 30.Rxd7 Nxd7 31.Ne7+
Kh8 32.Qxd7 h6 33.Qxa7 b5 34.Qb7 Qc5 35.Nc6 Re8 36.Nd4 Rd8 37.Qe4 b4 38.Rd3 Qc4 39.Qe3
b3 40.Rxb3 1/2-1/2